[Event "IECG RN.2002.0.00012"]
[Site "IECG email"]
[Date "2002.01.29"]
[Round "?"]
[White "Dion, Michel"]
[Black "Romer, Marko"]
[Result "0-1"]
[WhiteElo "968"]
[BlackElo "800"]
[PlyCount "38"]
[EventDate "2002.01.29"]
[EventType "tourn (corr)"]
[EventRounds "6"]
[SourceTitle "Corr 2008"]
[Source "ChessBase"]
[SourceDate "2008.06.24"]
[SourceVersion "1"]
[SourceVersionDate "2008.06.24"]
[SourceQuality "1"]

1. e4 c5 2. Nf3 d6 3. d4 cxd4 4. Nxd4 Nf6 5. Nc3 g6 6. Be3 Bg7 7. f3 0-0 8. Qd2 Bd7 9. 0-0-0 Nc6 10. Bc4 Rc8 11. Bb3 Ne5 12. h4 Nc4 13. Bxc4 Rxc4 14. g4 Qa5 15. Nb3 Qa6 16. h5 Rfc8 17. hxg6 hxg6 18. Bh6 Rxc3 19. bxc3 Nxe4 0-1

[Event "IECG RN.2002.0.00012"]
[Site "IECG email"]
[Date "2002.01.29"]
[Round "?"]
[White "Romer, Marko"]
[Black "Venturas, Bob"]
[Result "1-0"]
[WhiteElo "800"]
[BlackElo "504"]
[PlyCount "59"]
[EventDate "2002.01.29"]
[EventType "tourn (corr)"]
[EventRounds "6"]
[SourceTitle "Corr 2008"]
[Source "ChessBase"]
[SourceDate "2008.06.24"]
[SourceVersion "1"]
[SourceVersionDate "2008.06.24"]
[SourceQuality "1"]

1. d4 d5 2. Nc3 h6 3. e3 a6 4. Bd3 Nf6 5. f4 Nc6 6. Nf3 Bg4 7. a3 e6 8. h3 Bxf3 9. Qxf3 Bd6 10. 0-0 Ne7 11. e4 dxe4 12. Nxe4 Ned5 13. c4 Nxe4 14. Bxe4 Ne7 15. c5 Bxc5 16. dxc5 c6 17. Be3 Qc7 18. Bd4 0-0-0 19. Be5 Qa5 20. b4 Qb5 21. f5 f6 22. Bd6 Nxf5 23. Bxf5 exf5 24. Qxf5+ Rd7 25. Rfe1 Qc4 26. Re7 Qd4+ 27. Kh2 Rhd8 28. Rxd7 Rxd7 29. Re1 Qxd6+ 30. cxd6 1-0